Welcome to the Holygrace Academy Library

Please use search bar below to get started

SPONGEBOB AIRPANTS (Record no. 2757)

MARC details
000 -LEADER
fixed length control field 00349nam a22001457a 4500
082 ## - DEWEY DECIMAL CLASSIFICATION NUMBER
Classification number 823
Item number RIC/S
100 ## - MAIN ENTRY--AUTHOR NAME
Personal name RICHARDS, KITTY
245 ## - TITLE STATEMENT
Title SPONGEBOB AIRPANTS
Remainder of title SHORT STORY
246 ## - VARYING FORM OF TITLE
Title proper/short title SPONGEBOB AIRPANTS
Remainder of title SHORT STORY
260 ## - PUBLICATION, DISTRIBUTION, ETC. (IMPRINT)
Place of publication NEW YORK
Name of publisher SCHOLASTIC INC
Year of publication 2003
300 ## - PHYSICAL DESCRIPTION
Number of Pages 64
520 ## - SUMMARY, ETC.
Summary, etc SHORT STORY
650 ## - SUBJECT ADDED ENTRY--TOPICAL TERM
Topical Term SHORT STORY
942 ## - ADDED ENTRY ELEMENTS (KOHA)
Koha item type Books
Holdings
Withdrawn status Lost status Collection code Home library Current library Shelving location Date acquired Source of acquisition Full call number Accession Number Koha item type
    Fiction Main Library Main Library SHELF 4-E RCHIE & ILLUSTRATED CLASSICS 06/03/2012 Purchase 823 RIC/S 06301 Books